UEFA Champions League players 2024/25 - Statistics

General Stats
  • This quiz has been taken 53 times
  • The average score is 243 of 879
Answer Stats
Rank Player Positions Nationality Matches Goals (assists) Clubs % Correct
1 Achraf Hakimi DF, MF 17 4 (5)
95%
7 Désiré Doué MF, FW 16 5 (3)
90%
5 Vitinha MF 17 2 (2)
90%
752 Ethan Mbappé DF, MF, FW 2 0 (0)
88%
3 Fabián Ruiz Peña MF 17 1 (4)
88%
16 Kylian Mbappé MF, FW 14 7 (1)
88%
9 Nuno Mendes DF 16 4 (1)
88%
11 Ousmane Dembélé MF, FW 15 8 (6)
88%
688 Abel Ruiz MF, FW 3 0 (0)
85%
13 Federico Valverde DF, MF, FW 14 0 (3)
85%
31 Frenkie de Jong DF, MF 13 0 (0)
85%
289 Gerard Martín DF 8 0 (3)
85%
36 Jude Bellingham MF 13 3 (3)
85%
8 Marquinhos DF, MF 16 0 (0)
85%
23 Raphinha MF, FW 14 13 (8)
85%
46 Robert Lewandowski FW 13 11 (0)
85%
2 Bradley Barcola MF, FW 17 3 (4)
83%
28 David Raya GK 13 0 (0)
83%
55 Emiliano Martínez GK 12 0 (0)
83%
10 Gianluigi Donnarumma GK 15 0 (0)
83%
102 Iñigo Martínez DF 11 2 (1)
83%
407 Iván Martín MF 7 0 (0)
83%
584 Jonas Martin DF, MF 5 0 (0)
83%
41 Lamine Yamal FW 13 5 (3)
83%
17 Lautaro Martínez FW 14 9 (0)
83%
69 Luuk de Jong FW 12 2 (1)
83%
550 Arnau Martinez DF, MF 5 0 (0)
80%
30 Declan Rice MF 13 4 (2)
80%
33 Gregor Kobel GK 13 0 (0)
80%
837 Josep Martinez GK 1 0 (0)
80%
25 Yann Sommer GK 14 0 (0)
80%
26 Antonio Rüdiger DF 13 2 (0)
78%
32 Gabriel Martinelli MF, FW 13 2 (1)
78%
34 Harry Kane FW 13 11 (2)
78%
37 Jules Koundé DF 13 0 (3)
78%
19 Luka Modrić MF 14 0 (3)
78%
43 Nicolò Barella MF 13 0 (2)
78%
22 Pedri MF, FW 14 0 (2)
78%
6 Willian Pacho DF 17 0 (0)
78%
99 Ferrán Torres MF, FW 11 3 (1)
75%
136 Gavi MF, FW 10 0 (0)
75%
63 Jamal Musiala MF, FW 12 3 (3)
75%
4 João Neves DF, MF, FW 17 1 (1)
75%
15 Joshua Kimmich DF, MF 14 0 (4)
75%
18 Leandro Trossard MF, FW 14 2 (2)
75%
42 Leroy Sané MF, FW 13 1 (0)
75%
784 Pablo Torre MF, FW 2 0 (0)
75%
24 Serhou Guirassy FW 14 13 (4)
75%
83 Thibaut Courtois GK 12 0 (0)
75%
12 Alessandro Bastoni DF 14 0 (1)
73%
93 Brahim Díaz MF, FW 11 2 (1)
73%
97 Ferland Mendy DF 11 0 (1)
73%
61 Hakan Çalhanoğlu MF, FW 12 4 (2)
73%
35 Henrikh Mkhitaryan MF, FW 13 0 (0)
73%
38 Julian Brandt MF, FW 13 0 (5)
73%
39 Jurriën Timber DF 13 1 (1)
73%
228 Khéphren Thuram MF 9 0 (0)
73%
40 Kim Min-jae DF 13 1 (0)
73%
68 Leon Goretzka MF 12 1 (1)
73%
233 Luis Díaz MF, FW 9 3 (0)
73%
20 Marcus Thuram MF, FW 14 4 (1)
73%
21 Michael Olise MF, FW 14 5 (2)
73%
73 Mikel Merino MF, FW 12 2 (3)
73%
243 Pau Torres DF 9 0 (2)
73%
438 Quinten Timber MF 7 0 (1)
73%
80 Rodrygo MF, FW 12 5 (2)
73%
81 Serge Gnabry DF, MF, FW 12 0 (2)
73%
263 Andrew Robertson DF, MF 8 0 (1)
70%
92 Aurélien Tchouaméni DF, MF 11 0 (0)
70%
54 Denzel Dumfries DF, MF 12 2 (3)
70%
212 Erling Haaland FW 9 8 (0)
70%
45 Pau Cubarsí DF 13 0 (1)
70%
179 Theo Hernández DF 10 0 (0)
70%
86 Thomas Partey DF, MF 12 0 (0)
70%
50 Benjamin Pavard DF 12 1 (0)
68%
95 Dayot Upamecano DF 11 0 (0)
68%
209 Eduardo Camavinga DF, MF 9 0 (0)
68%
56 Emre Can DF, MF 12 2 (1)
68%
59 Gonçalo Ramos MF, FW 12 3 (1)
68%
596 Lucas Hernández DF 5 0 (0)
68%
161 Manuel Neuer GK 10 0 (0)
68%
85 Thomas Müller MF, FW 12 3 (1)
68%
258 Virgil van Dijk DF 9 1 (0)
68%
119 Alejandro Balde DF 10 0 (2)
65%
196 Bukayo Saka DF, MF, FW 9 6 (2)
65%
207 Éderson MF 9 1 (0)
65%
283 Ederson GK 8 0 (0)
65%
135 Federico Dimarco DF, MF, FW 10 0 (1)
65%
484 Ibrahim Salah MF, FW 6 0 (0)
65%
14 Jamie Gittens MF, FW 14 4 (0)
65%
655 Joe Gomez DF 4 0 (0)
65%
104 Konrad Laimer DF, MF 11 1 (1)
65%
234 Mama Samba Baldé MF, FW 9 0 (1)
65%
106 Marcel Sabitzer MF, FW 11 0 (0)
65%
107 Martin Ødegaard MF, FW 11 3 (1)
65%
72 Mehdi Taremi MF, FW 12 1 (3)
65%
239 Mohamed Salah MF, FW 9 3 (4)
65%
88 Vinicius Júnior MF, FW 12 8 (2)
65%
186 Alphonso Davies DF 9 2 (0)
63%
124 Antoine Griezmann MF, FW 10 6 (2)
63%
203 Darwin Núñez MF, FW 9 1 (1)
63%
216 Florian Wirtz MF, FW 9 6 (1)
63%
218 Francesco Acerbi DF 9 1 (1)
63%
146 Jeremie Frimpong DF, MF, FW 10 0 (3)
63%
152 Julián Álvarez MF, FW 10 7 (1)
63%
154 Karim Adeyemi MF, FW 10 5 (1)
63%
229 Khvicha Kvaratskhelia MF, FW 9 3 (2)
63%
509 Mateo Kovačić MF 6 1 (0)
63%
168 Maximiliano Araújo DF, MF 10 1 (0)
63%
76 Nicolás Otamendi DF 12 1 (0)
63%
343 Ronald Araújo DF 8 1 (0)
63%
446 Rúben Dias DF 7 0 (0)
63%
248 Ryan Gravenberch MF 9 0 (0)
63%
113 Tomás Araújo DF 11 0 (0)
63%
356 Trent Alexander-Arnold DF 8 0 (1)
63%
115 William Saliba DF 11 0 (0)
63%
118 Aleix García MF 10 1 (0)
60%
260 Alexander Sørloth FW 8 0 (0)
60%
120 Álex Grimaldo DF, MF 10 2 (1)
60%
261 Alexis Mac Allister MF, FW 8 2 (0)
60%
741 Andriy Lunin GK 2 0 (0)
60%
377 Arda Güler MF, FW 7 0 (0)
60%
194 Bernardo Silva MF, FW 9 0 (0)
60%
274 Cody Gakpo MF, FW 8 3 (1)
60%
206 Dušan Vlahović FW 9 4 (1)
60%
211 Eric García DF, MF 9 2 (0)
60%
217 Fran Garcia DF 9 0 (0)
60%
405 Ibrahima Konaté DF 7 1 (0)
60%
830 Jastin García DF, FW 1 0 (0)
60%
489 John Stones DF, MF 6 1 (2)
60%
150 Jonathan Tah DF 10 0 (0)
60%
151 Joško Gvardiol DF 10 0 (1)
60%
66 Julian Ryerson DF, MF 12 0 (0)
60%
589 Karim Konaté MF, FW 5 2 (0)
60%
156 Kenan Yıldız MF, FW 10 1 (1)
60%
103 Kingsley Coman MF, FW 11 1 (0)
60%
105 Lee Kang-in MF, FW 11 0 (0)
60%
311 Manuel Akanji DF, MF 8 0 (1)
60%
77 Ollie Watkins FW 12 1 (4)
60%
78 Orkun Kökçü MF 12 4 (0)
60%
174 Rafael Leão MF, FW 10 3 (1)
60%
359 Viktor Gyökeres FW 8 6 (1)
60%
362 Wojciech Szczęsny GK 8 0 (0)
60%
48 Yann Aurel Bisseck DF 13 0 (0)
60%
89 Youri Tielemans MF 12 2 (3)
60%
544 Aleksandar Pavlovic MF 5 0 (0)
58%
465 Alisson GK 6 0 (0)
58%
623 André Silva FW 4 0 (0)
58%
189 António Silva DF 9 0 (0)
58%
270 Caio Henrique Oliveira Silva DF 8 0 (0)
58%
197 Christian Pulisic DF, MF, FW 9 4 (1)
58%
276 Curtis Jones DF, MF 8 0 (2)
58%
205 Dominik Szoboszlai MF, FW 9 1 (1)
58%
569 Gabriel Jesus FW 5 0 (1)
58%
138 Granit Xhaka DF, MF 10 0 (0)
58%
145 Jan Oblak GK 10 0 (0)
58%
149 Jonathan David FW 10 7 (2)
58%
414 Kevin De Bruyne MF, FW 7 0 (0)
58%
312 Marco Asensio MF, FW 8 3 (0)
58%
244 Phil Foden MF, FW 9 3 (1)
58%
247 Rico Lewis DF, MF 9 0 (1)
58%
787 Rui Silva GK 2 0 (0)
58%
455 Strahinja Pavlović DF 7 0 (0)
58%
47 Warren Zaïre-Emery DF, MF 13 1 (0)
58%
802 Andreas Christensen DF, MF 1 0 (0)
55%
749 Dani Carvajal DF 2 0 (1)
55%
134 Exequiel Palacios MF 10 0 (0)
55%
98 Fermin López MF, FW 11 1 (3)
55%
60 Guus Til MF, FW 12 0 (2)
55%
141 İlkay Gündoğan MF 10 2 (0)
55%
572 Iñaki Peña GK 5 0 (0)
55%
408 Jáder Durán MF, FW 7 3 (0)
55%
144 Jakub Kiwior DF, MF 10 0 (0)
55%
148 John McGinn MF, FW 10 3 (2)
55%
296 José María Giménez DF 8 1 (0)
55%
492 Josip Stanišić DF 6 0 (0)
55%
417 Koke MF 7 0 (1)
55%
495 Kostas Tsimikas DF 6 0 (1)
55%
667 Lukáš Hrádecký GK 4 0 (0)
55%
169 Mike Maignan GK 10 0 (0)
55%
672 Nathan Aké DF, MF 4 0 (0)
55%
75 Nico Schlotterbeck DF 12 0 (1)
55%
173 Piotr Zieliński MF, FW 10 0 (1)
55%
79 Ramy Bensebaini DF, MF 12 2 (1)
55%
527 Randal Kolo Muani MF, FW 6 0 (0)
55%
177 Rodrigo De Paul MF, FW 10 0 (1)
55%
453 Santiago Giménez FW 7 6 (1)
55%
259 Weston McKennie DF, MF 9 3 (0)
55%
367 Ademola Lookman MF, FW 7 5 (1)
53%
264 Ángel Correa MF, FW 8 3 (1)
53%
202 Dani Olmo MF, FW 9 2 (1)
53%
562 David Alaba DF, MF 5 0 (0)
53%
638 Diogo Jota MF, FW 4 0 (0)
53%
565 Donyell Malen MF, FW 5 2 (1)
53%
639 Éder Militão DF 4 0 (0)
53%
210 Endrick FW 9 1 (0)
53%
701 Federico Chiesa DF, MF, FW 3 0 (0)
53%
395 Fikayo Tomori DF 7 0 (1)
53%
222 Gabriel Magalhães DF 9 1 (0)
53%
758 Hiroki Ito DF 2 0 (0)
53%
485 Jack Grealish MF, FW 6 1 (0)
53%
768 Jota MF, FW 2 0 (0)
53%
155 Kasper Schmeichel GK 10 0 (0)
53%
306 Leon Bailey DF, MF, FW 8 1 (1)
53%
718 Mathys Tel MF, FW 3 0 (0)
53%
605 Niklas Süle DF 5 0 (0)
53%
332 Patrik Schick MF, FW 8 1 (0)
53%
245 Piero Hincapié DF, MF 9 1 (0)
53%
246 Raphaël Guerreiro DF, MF 9 1 (0)
53%
340 Riccardo Calafiori DF 8 1 (1)
53%
251 Stefan de Vrij DF 9 0 (0)
53%
181 Tijjani Reijnders MF, FW 10 3 (0)
53%
182 Waldemar Anton DF, MF 10 0 (0)
53%
537 Wataru Endo DF, MF 6 0 (0)
53%
187 Ángel Di María MF, FW 9 1 (2)
50%
191 Ben White DF, MF 9 0 (0)
50%
198 Conor Gallagher MF 9 1 (1)
50%
53 Dávid Hancko DF 12 1 (0)
50%
563 David López DF, MF 5 1 (0)
50%
478 Douglas Luiz MF 6 0 (0)
50%
208 Edmond Tapsoba DF 9 0 (0)
50%
653 Jeremy Doku MF, FW 4 0 (1)
50%
581 João Palhinha MF 5 0 (0)
50%
158 Lucas Vázquez DF, MF, FW 10 1 (1)
50%
424 Marko Arnautović MF, FW 7 1 (0)
50%
862 Pau López GK 1 0 (0)
50%
525 Péter Gulácsi GK 6 0 (0)
50%
82 Simon Mignolet GK 12 0 (0)
50%
253 Tammy Abraham FW 9 2 (1)
50%
360 Willi Orban DF 8 0 (0)
50%
185 Aleksandr Golovin MF, FW 9 0 (1)
48%
49 Anatolii Trubin GK 12 0 (0)
48%
269 Benjamin Šeško MF, FW 8 4 (0)
48%
129 Breel Embolo MF, FW 10 1 (3)
48%
201 Dani Ceballos MF, FW 9 0 (1)
48%
29 Davide Frattesi MF 13 2 (0)
48%
481 Eric Dier DF, MF 6 1 (0)
48%
214 Felix Nmecha MF, FW 9 1 (1)
48%
224 Gio Reyna MF, FW 9 0 (1)
48%
140 Ian Maatsen DF, MF, FW 10 1 (0)
48%
490 Jorginho MF 6 1 (0)
48%
300 Kai Havertz MF, FW 8 4 (1)
48%
662 Kyle Walker DF, MF 4 0 (0)
48%
307 Loïs Openda MF, FW 8 1 (2)
48%
157 Lucas Chevalier GK 10 0 (0)
48%
318 Matty Cash DF 8 0 (0)
48%
518 Nicolás González MF, FW 6 1 (1)
48%
859 Nicolás González MF 1 1 (0)
48%
783 Omar Marmoush MF, FW 2 0 (0)
48%
863 Presnel Kimpembe DF 1 0 (0)
48%
789 Stefan Ortega GK 2 0 (0)
48%
868 Sven Ulreich GK 1 0 (0)
48%
254 Teun Koopmeiners DF, MF 9 0 (0)
48%
617 Xavi Simons MF, FW 5 0 (0)
48%
371 Álvaro Morata FW 7 1 (1)
45%
626 Ansu Fati MF, FW 4 0 (0)
45%
629 Axel Witsel DF, MF 4 0 (0)
45%
27 Carlos Augusto DF 13 0 (2)
45%
52 Christos Tzolis MF, FW 12 1 (2)
45%
394 Ethan Nwaneri MF, FW 7 2 (0)
45%
96 Ezri Konsa DF 11 1 (0)
45%
753 Facundo González DF 2 0 (0)
45%
225 Giuliano Simeone DF, MF, FW 9 1 (2)
45%
62 Hans Vanaken MF, FW 12 1 (1)
45%
571 Harvey Elliott MF, FW 5 3 (0)
45%
65 Johan Bakayoko MF, FW 12 2 (1)
45%
505 Malik Tillman MF, FW 6 3 (2)
45%
848 Marc-André ter Stegen GK 1 0 (0)
45%
429 Matheus Nunes DF, MF 7 1 (3)
45%
865 Rodri MF 1 0 (0)
45%
726 Sacha Boey DF 3 0 (0)
45%
727 Salih Özcan MF 3 0 (0)
45%
249 Sávio MF, FW 9 1 (1)
45%
252 Takumi Minamino MF, FW 9 3 (1)
45%
256 Timothy Weah DF, MF, FW 9 1 (1)
45%
370 Alexander Nübel GK 7 0 (0)
43%
546 Amadou Onana MF 5 1 (0)
43%
131 Charles De Ketelaere MF, FW 10 4 (5)
43%
215 Florentino Luís MF 9 0 (0)
43%
219 Francisco Conceição MF, FW 9 1 (1)
43%
665 Lucas Beraldo DF 4 0 (0)
43%
235 Manuel Locatelli MF 9 0 (0)
43%
163 Mario Pašalić MF, FW 10 3 (1)
43%
425 Marko Rog MF, FW 7 0 (1)
43%
71 Maximilian Beier MF, FW 12 1 (0)
43%
74 Morgan Rogers MF, FW 12 4 (2)
43%
170 Myles Lewis-Skelly DF 10 0 (1)
43%
520 Oleksandr Zinchenko DF, MF 6 1 (0)
43%
526 Raheem Sterling MF, FW 6 0 (2)
43%
175 Raúl Asencio DF 10 0 (1)
43%
443 Robert Andrich DF, MF 7 0 (1)
43%
870 Thomas Lemar MF, FW 1 0 (0)
43%
87 Vangelis Pavlidis MF, FW 12 7 (2)
43%
686 Victor Boniface FW 4 1 (0)
43%
794 Abdukodir Khusanov DF 1 0 (0)
40%
385 Clément Lenglet DF 7 0 (0)
40%
387 Denis Zakaria DF, MF 7 1 (0)
40%
756 Gleison Bremer DF 2 0 (0)
40%
297 Juan Cuadrado DF, MF, FW 8 0 (1)
40%
591 Kevin Kampl MF 5 0 (0)
40%
593 Kieran Tierney DF, MF, FW 5 0 (0)
40%
497 Lassina Franck Traoré FW 6 0 (0)
40%
162 Marc Casado MF 10 0 (2)
40%
324 Nahuel Molina DF 8 1 (0)
40%
684 Senny Mayulu MF, FW 4 2 (0)
40%
180 Thilo Kehrer DF 10 1 (1)
40%
363 Yan Couto DF, MF, FW 8 0 (0)
40%
183 Youssouf Fofana MF 10 0 (2)
40%
266 Antonio Nusa DF, MF, FW 8 0 (0)
38%
273 Christoph Baumgartner MF, FW 8 2 (0)
38%
285 Ermedin Demirović MF, FW 8 1 (0)
38%
57 Ferran Jutglà FW 12 2 (1)
38%
232 Lucas Digne DF, MF 9 0 (0)
38%
172 Noa Lang MF, FW 10 2 (2)
38%
44 Pascal Groß DF, MF, FW 13 1 (2)
38%
441 Ricardo Pepi MF, FW 7 2 (1)
38%
541 Yussuf Poulsen MF, FW 6 1 (0)
38%
262 Amadou Haidara MF, FW 8 0 (0)
35%
547 Amine Adli MF, FW 5 0 (0)
35%
740 André Gomes MF 2 0 (0)
35%
625 Angel Gomes MF, FW 4 1 (0)
35%
265 Angelo Stiller MF 8 1 (0)
35%
275 Cristhian Stuani MF, FW 8 0 (0)
35%
815 Daniel Peretz GK 1 0 (0)
35%
634 Danilo DF, MF 4 0 (0)
35%
480 Emi Buendía MF, FW 6 0 (0)
35%
101 Igor Paixão MF, FW 11 2 (4)
35%
143 Jacob Ramsey MF, FW 10 1 (2)
35%
652 Jarell Quansah DF 4 0 (0)
35%
313 Marcos Llorente DF, MF, FW 8 2 (4)
35%
427 Marlon Gomes MF 7 1 (0)
35%
316 Massadio Haïdara DF, MF 8 0 (0)
35%
778 Matvei Safonov GK 2 0 (0)
35%
320 Michele Di Gregorio GK 8 0 (0)
35%
431 Nathan Tella DF, MF, FW 7 1 (0)
35%
335 Pierre Kalulu DF 8 0 (0)
35%
612 Robin Le Normand DF 5 0 (0)
35%
685 Tyrone Mings DF 4 0 (0)
35%
114 Walter Benítez GK 11 0 (0)
35%
631 Caoimhín Kelleher GK 4 0 (0)
33%
556 Conor Bradley DF 5 0 (1)
33%
632 Daley Blind DF, MF 4 0 (0)
33%
636 David Raum DF, MF, FW 4 0 (1)
33%
476 Deniz Undav MF, FW 6 1 (1)
33%
58 Fredrik Aursnes DF, MF, FW 12 0 (1)
33%
767 João Félix MF, FW 2 0 (0)
33%
657 Jonas Urbig GK 4 0 (0)
33%
67 Kerem Aktürkoğlu MF, FW 12 4 (0)
33%
303 Kristjan Asllani MF 8 0 (0)
33%
599 Malick Thiaw DF 5 1 (1)
33%
668 Marcus Rashford MF, FW 4 0 (2)
33%
164 Marten de Roon DF, MF 10 0 (1)
33%
165 Mateo Retegui FW 10 3 (0)
33%
166 Matteo Darmian DF, MF 10 0 (0)
33%
522 Pablo Barrios MF 6 0 (0)
33%
682 Renato Sanches MF, FW 4 0 (0)
33%
532 Ruben Loftus-Cheek DF, MF, FW 6 0 (0)
33%
448 Samuel Chukwueze MF, FW 7 0 (1)
33%
250 Sead Kolašinac DF, MF 9 1 (1)
33%
621 Alexander Schlager GK 4 0 (1)
30%
373 Andrea Cambiaso DF, FW 7 0 (1)
30%
696 Carney Chukwuemeka MF, FW 3 0 (0)
30%
553 Castello Lukeba DF 5 0 (0)
30%
633 Daniel Svensson DF, FW 4 0 (0)
30%
133 Eliesse Ben Seghir MF, FW 10 2 (0)
30%
699 Elif Elmas MF, FW 3 0 (0)
30%
284 Enzo Millot MF, FW 8 2 (3)
30%
702 Folarin Balogun FW 3 0 (0)
30%
757 Héctor Fort DF 2 0 (0)
30%
649 Ivan Perišić DF, MF, FW 4 3 (0)
30%
773 Lloyd Kelly DF 2 0 (0)
30%
719 Mattia Perin GK 3 0 (0)
30%
240 Morten Hjulmand MF 9 0 (0)
30%
857 Neto GK 1 0 (0)
30%
242 Ousmane Diomande DF 9 0 (0)
30%
128 Boubacar Kamara DF, MF 10 0 (0)
28%
200 Daizen Maeda MF, FW 9 4 (0)
28%
213 Federico Gatti DF 9 0 (1)
28%
409 Jerdy Schouten DF, MF 7 1 (0)
28%
656 Jonas Hofmann MF, FW 4 0 (1)
28%
236 Marco Bizot GK 9 0 (0)
28%
776 Mario Hermoso DF 2 0 (0)
28%
321 Mika Biereth MF, FW 8 2 (0)
28%
606 Noah Okafor MF, FW 5 0 (1)
28%
607 Nordi Mukiele DF, FW 5 1 (1)
28%
461 Yunus Musah MF, FW 7 0 (0)
28%
622 Amady Camara MF, FW 4 0 (0)
25%
693 Axel Disasi DF 3 0 (0)
25%
277 Dan Ndoye MF, FW 8 0 (0)
25%
564 Davide Calabria DF 5 0 (0)
25%
477 Diego Carlos DF 6 0 (0)
25%
287 Franco Israel GK 8 0 (0)
25%
64 Joel Ordóñez DF 12 0 (0)
25%
295 Joey Veerman MF, FW 8 0 (3)
25%
230 Lamine Camara MF 9 0 (0)
25%
422 Łukasz Skorupski GK 7 0 (0)
25%
159 Maghnes Akliouche MF, FW 10 2 (2)
25%
160 Mahdi Camara DF, MF, FW 10 1 (0)
25%
70 Maxim De Cuyper DF, MF, FW 12 1 (0)
25%
515 Mohamed Aly Camara DF 6 0 (0)
25%
781 Nicola Zalewski DF, MF, FW 2 0 (0)
25%
677 Odilon Kossounou DF 4 0 (2)
25%
331 Oscar Gloukh MF, FW 8 0 (2)
25%
723 Pedro Gonçalves MF, FW 3 0 (2)
25%
439 Remo Freuler MF 7 0 (0)
25%
178 Samuel Lino DF, MF, FW 10 0 (3)
25%
255 Thomas Meunier DF, MF 9 0 (1)
25%
369 Alexander Bah DF 7 1 (1)
23%
123 Álvaro Carreras DF, MF, FW 10 0 (2)
23%
193 Berat Djimsiti DF 9 1 (0)
23%
132 Edimilson Fernandes DF, MF, FW 10 1 (0)
23%
566 Edon Zhegrova MF, FW 5 1 (1)
23%
640 El Bilal Touré MF, FW 4 1 (0)
23%
220 Francisco Trincão MF, FW 9 0 (1)
23%
827 Ismaël Bennacer MF 1 0 (1)
23%
661 Krépin Diatta DF, MF, FW 4 0 (0)
23%
231 Leandro Barreiro Martins MF 9 0 (0)
23%
309 Lutsharel Geertruida DF, MF 8 0 (0)
23%
237 Marco Carnesecchi GK 9 0 (0)
23%
670 Martin Terrier MF, FW 4 0 (1)
23%
317 Matheus Reis DF, MF 8 0 (0)
23%
319 Maximilian Mittelstädt DF, MF, FW 8 0 (2)
23%
108 Olivier Boscagli DF, MF 11 0 (0)
23%
860 Ousmane Toure DF 1 0 (0)
23%
365 Zeno Debast DF, MF 8 1 (1)
23%
184 Abdallah Sima MF, FW 9 3 (0)
20%
551 Arthur DF, MF 5 0 (0)
20%
470 Benjamin Henrichs DF, MF 6 0 (0)
20%
51 Brandon Mechele DF 12 0 (0)
20%
130 Callum McGregor MF 10 0 (0)
20%
384 Chris Führich MF, FW 7 1 (0)
20%
812 Dan-Axel Zagadou DF 1 0 (0)
20%
204 Davide Zappacosta DF, MF 9 0 (5)
20%
389 Donny van de Beek MF, FW 7 1 (0)
20%
392 Emerson DF, MF 7 0 (0)
20%
399 Gonçalo Inácio DF 7 1 (0)
20%
574 James Mcatee MF, FW 5 1 (0)
20%
576 Janis Blaswich GK 5 0 (0)
20%
227 Julien Duranville MF, FW 9 0 (0)
20%
594 Lewis Ferguson MF, FW 5 0 (0)
20%
714 Lukas Klostermann DF 3 0 (0)
20%
508 Matej Kovar GK 6 0 (0)
20%
511 Matteo Gabbia DF 6 0 (0)
20%
167 Mauro Júnior DF, MF, FW 10 0 (0)
20%
171 Nicolas-Gerrit Kühn FW 10 3 (1)
20%
676 Nicolò Fagioli MF 4 0 (1)
20%
529 Reinildo Mandava DF 6 0 (0)
20%
786 Renato Veiga DF, MF 2 0 (0)
20%
864 Rhodri Smith DF 1 0 (0)
20%
530 Riccardo Orsolini MF, FW 6 0 (0)
20%
344 Sam Beukema DF 8 0 (1)
20%
351 Stefan Posch DF 8 0 (0)
20%
112 Timon Wellenreuther GK 11 0 (0)
20%
257 Vanderson DF, MF, FW 9 0 (2)
20%
877 Wessel Kuhn DF, FW 1 0 (0)
20%
618 Yangel Herrera MF, FW 5 0 (0)
20%
545 Álex Valle DF 5 0 (1)
18%
192 Benjamin André DF, MF 9 0 (0)
18%
694 Bruno Petković MF, FW 3 2 (0)
18%
223 Gernot Trauner DF 9 1 (1)
18%
759 Hirving Lozano MF, FW 2 0 (0)
18%
412 Josha Vagnoman DF, MF 7 1 (1)
18%
419 Ladislav Krejčí DF, MF 7 0 (0)
18%
305 Lazar Samardzic MF, FW 8 1 (1)
18%
512 Matteo Ruggeri DF, MF 6 0 (0)
18%
322 Mitchel Bakker DF, MF, FW 8 1 (1)
18%
858 Nico O’Reilly DF, FW 1 0 (0)
18%
437 Paulo Gazzaniga GK 7 0 (0)
18%
531 Ross Barkley MF, FW 6 1 (0)
18%
449 Samuel Mbangula FW 7 1 (0)
18%
452 Santiago Castro FW 7 0 (0)
18%
879 Zaid Romero DF 1 0 (0)
18%
798 Alexander Meyer GK 1 0 (0)
15%
122 Alistair Johnston DF 10 0 (0)
15%
374 Andreas Schjelderup MF, FW 7 0 (0)
15%
90 Anis Hadj Moussa MF, FW 11 3 (0)
15%
378 Arnaut Danjuma MF, FW 7 1 (2)
15%
382 Cameron Carter-Vickers DF 7 0 (0)
15%
825 Giorgio Scalvini DF, MF 1 0 (0)
15%
293 Isak Hien DF 8 0 (1)
15%
142 Ismael Saibari MF, FW 10 3 (1)
15%
487 Javi Galán DF 6 0 (1)
15%
488 Jerry St. Juste DF 6 0 (0)
15%
769 Juan David Cabal DF 2 0 (0)
15%
586 Juan Miranda DF 5 0 (0)
15%
298 Julian Chabot DF 8 0 (0)
15%
418 Kyogo Furuhashi FW 7 1 (0)
15%
314 Martin Baturina MF, FW 8 2 (1)
15%
600 Max Johnston DF 5 0 (0)
15%
514 Miguel Gutiérrez DF, MF 6 1 (0)
15%
432 Nicolas Seiwald DF, MF 7 0 (1)
15%
521 Oriol Romeu MF 6 0 (0)
15%
523 Pau Victor FW 6 0 (0)
15%
524 Pedro Henrique DF, FW 6 0 (0)
15%
680 Rafael Tolói DF 4 0 (0)
15%
339 Raoul Bellanova DF, FW 8 1 (0)
15%
109 Raphael Onyedika MF 11 1 (1)
15%
116 Zeki Amdouni MF, FW 11 1 (0)
15%
795 Adam Aznou DF 1 0 (0)
13%
91 Ardon Jashari MF 11 0 (0)
13%
199 Conrad Harder MF, FW 9 1 (0)
13%
817 Davide Bartesaghi DF, MF 1 0 (0)
13%
822 Francis Onyeka FW 1 0 (0)
13%
137 Geovany Quenda DF, MF 10 0 (1)
13%
483 Hákon Arnar Haraldsson MF, FW 6 2 (0)
13%
650 Jakub Moder DF, MF 4 1 (0)
13%
411 Jhon Lucumí DF 7 1 (0)
13%
708 Jordan Teze DF 3 0 (0)
13%
660 Kacper Urbanski MF, FW 4 0 (0)
13%
415 Kévin Théophile-Catherine DF 7 0 (1)
13%
772 Kosta Nedeljković DF 2 0 (0)
13%
507 Marko Pjaca MF, FW 6 1 (3)
13%
433 Nicolò Savona DF 7 0 (0)
13%
782 Nuno Santos DF, MF, FW 2 1 (0)
13%
337 Rade Krunić MF, FW 8 1 (2)
13%
345 Samuel Iling-Junior DF, MF, FW 8 1 (0)
13%
350 Soumaïla Coulibaly DF 8 0 (0)
13%
352 Stefan Ristovski DF, MF 8 0 (2)
13%
535 Taras Stepanenko MF 6 0 (0)
13%
353 Thijs Dallinga FW 8 1 (0)
13%
790 Tiago Santos DF 2 0 (0)
13%
615 Tommaso Pobega MF 5 1 (0)
13%
800 Almoatasem Al Musrati MF 1 0 (0)
10%
372 Amar Dedić DF 7 0 (1)
10%
466 Andreas Skov Olsen DF, MF, FW 6 0 (0)
10%
468 Armando Obispo DF 6 0 (0)
10%
379 Arthur Vermeeren MF 7 0 (0)
10%
380 Atakan Karazor MF 7 0 (0)
10%
745 Ben Godfrey DF 2 0 (0)
10%
695 Calvin Stengs MF, FW 3 0 (0)
10%
748 César Azpilicueta DF, MF 2 0 (0)
10%
94 Chemsdine Talbi FW 11 2 (1)
10%
821 Federico Ravaglia GK 1 0 (0)
10%
643 Francesco Camarda MF, FW 4 0 (0)
10%
288 Geny Catamo DF, MF, FW 8 1 (0)
10%
292 Heorhiy Sudakov MF 8 2 (1)
10%
401 Hidemasa Morita MF 7 0 (0)
10%
710 Juraj Kucka MF, FW 3 0 (0)
10%
770 Justin Bijlow GK 2 0 (0)
10%
597 Luka Ilić MF, FW 5 0 (0)
10%
506 Marco Brescianini MF 6 1 (0)
10%
777 Marko Ilić GK 2 0 (0)
10%
602 Michał Skóraś DF, MF 5 0 (0)
10%
855 Michel Aebischer MF, FW 1 0 (0)
10%
516 Mohammed Salisu DF 6 1 (0)
10%
435 Nikola Moro MF 7 0 (0)
10%
724 Petar Sucic MF 3 2 (0)
10%
785 Philipp Köhn GK 2 0 (0)
10%
613 Rodrigo Riquelme DF, MF, FW 5 0 (0)
10%
866 Rui Patrício GK 1 0 (0)
10%
111 Ryan Flamingo DF, MF 11 3 (0)
10%
788 Sergi Dominguez DF, FW 2 0 (0)
10%
872 Trey Nyoni MF, FW 1 0 (0)
10%
538 Wilfried Singo DF 6 2 (1)
10%
737 Abdoulaye Niakhate Ndiaye DF 2 0 (0)
8%
624 Andrea Belotti FW 4 0 (0)
8%
805 Arijon Ibrahimović DF, MF, FW 1 0 (0)
8%
125 Arne Engels DF, MF 10 1 (3)
8%
469 Arthur Cabral FW 6 1 (0)
8%
126 Auston Trusty DF 10 0 (0)
8%
268 Ayase Ueda MF, FW 8 2 (0)
8%
127 Bafodé Diakité DF 10 0 (0)
8%
554 Charalampos Lykogiannis DF, MF 5 0 (1)
8%
272 Cherif Ndiaye FW 8 2 (1)
8%
811 Cole Campbell MF, FW 1 0 (0)
8%
642 Emil Holm DF 4 0 (0)
8%
754 Filippo Terracciano DF, MF 2 0 (0)
8%
100 Gijs Smal DF, MF 11 0 (2)
8%
290 Greg Taylor DF 8 0 (1)
8%
226 Hugo Bueno DF, MF 9 0 (1)
8%
648 Ismaily DF 4 0 (1)
8%
575 Jamie Leweling MF, FW 5 2 (1)
8%
579 Jens Odgaard MF, FW 5 0 (1)
8%
147 Joaquin Seys DF 10 0 (0)
8%
583 Jon Gorenc Stanković DF, MF 5 0 (0)
8%
663 Lamare Bogarde DF, MF 4 0 (0)
8%
849 Marcus Edwards MF, FW 1 0 (0)
8%
238 Mathias Pereira Lage DF, MF, FW 9 1 (0)
8%
333 Paulo Bernardo MF 8 0 (0)
8%
334 Peter Vindahl Jensen GK 8 0 (0)
8%
610 Pierre Lees-Melou MF, FW 5 1 (0)
8%
875 Vasilije Adžić MF, FW 1 0 (0)
8%
739 Aleksandar Katai MF, FW 2 0 (0)
5%
548 Anrie Chase DF 5 0 (0)
5%
376 Anthony Rouault DF 7 0 (0)
5%
188 Antoni Milambo MF, FW 9 3 (1)
5%
190 Ayyoub Bouaddi MF 9 0 (1)
5%
472 Bobby Clark MF, FW 6 0 (0)
5%
473 Bryan Gil DF, MF, FW 6 0 (0)
5%
474 Casper Nielsen MF, FW 6 1 (0)
5%
567 Eduardo Quaresma DF 5 0 (0)
5%
700 Eliot Matazo MF 3 0 (0)
5%
286 Fabian Rieder MF, FW 8 1 (3)
5%
221 Gabriel Gudmundsson DF, MF, FW 9 0 (1)
5%
482 George Ilenikhena FW 6 2 (0)
5%
291 Guram Kashia DF 8 0 (0)
5%
400 Gustaf Nilsson DF, FW 7 1 (0)
5%
646 Hugo Siquet DF, FW 4 0 (0)
5%
402 Hugo Vetlesen MF, FW 7 0 (1)
5%
704 Iván Fresneda DF, MF 3 0 (0)
5%
763 Jahmai Simpson-Pusey DF 2 0 (0)
5%
491 Josip Mišić MF, FW 6 0 (1)
5%
493 Kamil Piątkowski DF 6 0 (1)
5%
664 Leonidas Stergiou DF 4 0 (0)
5%
498 Liam Scales DF 6 1 (0)
5%
843 Lorenzo Torriani GK 1 0 (0)
5%
308 Ludovic Ajorque FW 8 0 (2)
5%
774 Luis Enrique Palma FW 2 0 (0)
5%
502 Lukáš Haraslín MF, FW 6 0 (0)
5%
716 Marco Palestra DF, MF 3 0 (0)
5%
850 Martin Erlic DF 1 0 (0)
5%
315 Martin Vitík DF 8 0 (0)
5%
601 Meschak Elia MF, FW 5 0 (0)
5%
604 Mirko Ivanić MF, FW 5 1 (1)
5%
323 Mykola Matviyenko DF 8 0 (0)
5%
328 Nicolás Capaldo DF, MF 8 0 (0)
5%
675 Nicolò Casale DF 4 0 (0)
5%
434 Nicolò Zaniolo MF, FW 7 1 (0)
5%
722 Omri Glazer GK 3 0 (0)
5%
338 Radosław Majecki GK 8 0 (0)
5%
681 Ramiz Zerrouki MF 4 0 (0)
5%
176 Reo Hatate MF 10 1 (2)
5%
110 Richy Ledezma DF, MF, FW 11 0 (0)
5%
442 Rick Karsdorp DF, MF, FW 7 0 (0)
5%
444 Róbert Mak MF, FW 7 0 (0)
5%
445 Romain Del Castillo MF, FW 7 0 (0)
5%
614 Romeo Vermant MF, FW 5 0 (0)
5%
450 Sandro Kulenović FW 7 3 (0)
5%
84 Thomas Beelen DF, MF 12 0 (0)
5%
791 Vanja Drkušič DF 2 0 (0)
5%
735 Vinicius Tobias DF 3 0 (0)
5%
736 Vladimír Weiss MF, FW 3 0 (0)
5%
540 Yaser Asprilla MF, FW 6 0 (0)
5%
117 Adam Idah MF, FW 10 3 (0)
3%
542 Adamo Nagalo DF 5 0 (0)
3%
543 Aïssa Mandi DF 5 0 (0)
3%
462 Albion Rrahmani FW 6 1 (0)
3%
121 Alexsandro Ribeiro DF 10 0 (1)
3%
801 Amara Nallo DF 1 0 (0)
3%
803 Andres Cuenca DF 1 0 (0)
3%
375 Andrija Maksimović MF, FW 7 0 (0)
3%
690 Ángelo Preciado DF, MF 3 0 (0)
3%
691 Anthony Ralston DF 3 0 (0)
3%
549 Arbër Hoxha DF, MF 5 0 (0)
3%
467 Arijan Ademi MF 6 0 (0)
3%
267 Artem Bondarenko MF 8 0 (0)
3%
628 Asger Sørensen DF 4 0 (0)
3%
743 Assan Ouedraogo DF, MF 2 0 (0)
3%
806 Ayman Azhil MF 1 0 (0)
3%
552 Bart Nieuwkoop DF, MF 5 0 (1)
3%
744 Bartol Franjić DF, MF 2 0 (0)
3%
471 Benjamín Rollheiser MF, FW 6 0 (0)
3%
747 Bjorn Meijer DF, MF 2 0 (0)
3%
381 Bruno Duarte MF, FW 7 0 (0)
3%
557 Couhaib Driouech MF, FW 5 1 (0)
3%
278 Daniel Bragança MF 8 1 (2)
3%
698 Danijel Zagorac GK 3 0 (0)
3%
561 Dario Špikić DF, MF, FW 5 1 (0)
3%
637 David von Ballmoos GK 4 0 (0)
3%
281 Dmytro Riznyk GK 8 0 (0)
3%
641 El Chadaille Bitshiabu DF, MF 4 0 (0)
3%
820 Fabian Bredlow GK 1 0 (0)
3%
824 Giacomo De Pieri FW 1 0 (0)
3%
398 Giovanni Fabbian MF, FW 7 0 (0)
3%
703 Givairo Read DF 3 0 (0)
3%
139 Hugo Magnetti MF 10 1 (0)
3%
403 Hwang In-beom MF 7 0 (0)
3%
647 Isaac Babadi MF, FW 4 0 (1)
3%
762 Issa Kaboré DF, MF 2 0 (0)
3%
573 Ivan Nevistić GK 5 0 (0)
3%
828 Jacobo Ramón DF 1 0 (0)
3%
651 James Forrest DF, MF, FW 4 0 (1)
3%
829 James McConnell MF, FW 1 0 (0)
3%
577 Jan-Niklas Beste DF, MF, FW 5 0 (1)
3%
578 Jaroslav Zelený DF, MF, FW 5 0 (0)
3%
832 Jayden Danns DF, MF, FW 1 0 (0)
3%
765 Jeanuël Belocian DF, MF 2 0 (0)
3%
766 Jeffrey Schlupp DF, MF, FW 2 0 (0)
3%
654 João Rêgo MF, FW 4 0 (0)
3%
833 Joel Drommel GK 1 0 (0)
3%
835 Jonas Rouhi DF 1 0 (0)
3%
838 Juan Córdoba MF, FW 1 0 (0)
3%
413 Julián Carranza FW 7 1 (0)
3%
153 Kamory Doumbia MF, FW 10 0 (0)
3%
416 Kevin MF, FW 7 2 (0)
3%
494 Kjell Scherpen GK 6 0 (0)
3%
496 Kyriani Sabbe DF 6 1 (0)
3%
842 Leon Jakirovic DF 1 0 (0)
3%
666 Luka Ivanušec MF, FW 4 0 (0)
3%
421 Łukasz Łakomy MF 7 1 (0)
3%
775 Maarten Vandevoordt GK 2 0 (0)
3%
598 Mads Bidstrup MF 5 1 (0)
3%
671 Marvin Keller GK 4 0 (0)
3%
430 Matias Fernandez-Pardo MF, FW 7 0 (1)
3%
510 Matteo Dams DF 6 0 (0)
3%
854 Maurits Kjærgaard MF, FW 1 0 (0)
3%
720 Milan Rodić DF 3 0 (0)
3%
603 Milson MF, FW 5 2 (0)
3%
856 Nathan Butler-Oyedeji FW 1 0 (0)
3%
673 Nemanja Radonjić DF, MF, FW 4 3 (0)
3%
330 Oleksandr Zubkov MF, FW 8 2 (1)
3%
436 Otar Kiteishvili MF, FW 7 1 (0)
3%
609 Pascal Stenzel DF, MF 5 0 (0)
3%
678 Pedrinho MF, FW 4 0 (0)
3%
725 Peter Olayinka DF, MF, FW 3 0 (0)
3%
528 Raúl Torrente DF 6 0 (0)
3%
440 Rémy Cabella MF, FW 7 1 (1)
3%
683 Ricardo Esgaio DF, MF, FW 4 0 (0)
3%
342 Ronaël Pierre-Gabriel DF 8 0 (1)
3%
728 Samuel Dahl DF, MF, FW 3 0 (0)
3%
729 Samy Mmaee DF 3 0 (0)
3%
347 Seol Young-woo DF 8 0 (3)
3%
348 Silas Katompa DF, MF, FW 8 2 (0)
3%
732 Takuya Ogiwara DF 3 1 (0)
3%
355 Timi Elšnik DF, MF 8 0 (2)
3%
458 Tomi Horvat MF, FW 7 0 (0)
3%
873 Tygo Land MF 1 0 (0)
3%
874 Tyler Morton MF 1 0 (0)
3%
734 Tyrell Malacia DF 3 0 (0)
3%
459 Uroš Spajić DF 7 0 (0)
3%
357 Valerii Bondar DF 8 0 (0)
3%
536 Veljko Birmančević MF, FW 6 0 (0)
3%
616 Viktor Tsyhankov MF, FW 5 0 (0)
3%
687 Yannik Keitel DF, MF 4 1 (0)
3%
793 Abdu Conté DF, MF 1 0 (0)
0%
366 Adam Daghim FW 7 1 (0)
0%
796 Adam Sevinsky DF 1 0 (0)
0%
797 Afonso Bastardo DF, MF, FW 1 0 (0)
0%
738 Alaa Ghram DF 2 0 (0)
0%
368 Alan Virginius MF, FW 7 0 (1)
0%
463 Alejandro Francés DF 6 0 (0)
0%
464 Aleksa Terzić DF 6 0 (0)
0%
620 Alen Mustafić MF 4 0 (0)
0%
799 Alexandre Brito DF, MF 1 0 (0)
0%
689 Ameen Al-Dakhil DF, MF 3 0 (0)
0%
804 Antal Yaakobishvili DF 1 0 (0)
0%
692 Arjan Malic DF 3 1 (0)
0%
742 Artem Stepanov FW 2 0 (0)
0%
627 Artur Gajdoš DF, MF 4 0 (0)
0%
807 Aymen Sliti MF, FW 1 0 (0)
0%
808 Benjamin Boakye FW 1 0 (0)
0%
746 Biel MF, FW 2 0 (0)
0%
630 Bojan Miovski FW 4 0 (0)
0%
809 Branko Pavić MF 1 0 (0)
0%
195 Brendan Chardonnet DF 9 0 (0)
0%
383 Cedric Itten FW 7 0 (0)
0%
271 César Blackman DF, MF 8 0 (0)
0%
555 Cheikh Tidiane Niasse DF, MF, FW 5 0 (1)
0%
697 Chris Nadje MF, FW 3 0 (0)
0%
475 Christian Mawissa DF 6 0 (0)
0%
810 Chuba Akpom MF, FW 1 0 (0)
0%
558 Dálcio MF, FW 5 0 (0)
0%
813 Dane Murray DF 1 0 (0)
0%
814 Daniel Cummings FW 1 0 (0)
0%
750 Daniil Khudiakov GK 2 0 (0)
0%
559 Danylo Ihnatenko MF 5 0 (0)
0%
560 Danylo Sikan MF, FW 5 1 (0)
0%
635 Daouda Guindo DF 4 1 (0)
0%
386 Darian Males MF, FW 7 0 (0)
0%
816 David Pavelka DF, MF 1 0 (0)
0%
279 Dávid Strelec MF, FW 8 2 (0)
0%
388 Dimitri Lavalée DF, MF 7 0 (0)
0%
280 Dmytro Kryskiv MF, FW 8 0 (0)
0%
282 Dominik Takáč GK 8 0 (0)
0%
390 Ebrima Colley MF, FW 7 0 (0)
0%
818 Egor Prutsev FW 1 0 (0)
0%
391 Eguinaldo MF, FW 7 0 (1)
0%
751 Elias Cobbaut DF 2 0 (0)
0%
479 Emanuel Aiwum DF, MF 6 0 (0)
0%
568 Erencan Yardimci MF, FW 5 0 (0)
0%
393 Ermal Krasniqi FW 7 0 (0)
0%
819 Esmir Bajraktarevic DF, FW 1 0 (0)
0%
396 Filip Panák DF 7 0 (1)
0%
397 Filip Ugrinic MF, FW 7 0 (1)
0%
823 Fredrik Oppegard DF 1 0 (0)
0%
755 Gjivai Zechiël MF 2 0 (0)
0%
826 Grégoire Coudert GK 1 0 (0)
0%
644 Gregory Wüthrich DF 4 0 (0)
0%
570 Guélor Kanga MF, FW 5 1 (0)
0%
645 Hendry Blank DF 4 0 (0)
0%
404 Ibrahim Osman MF, FW 7 0 (0)
0%
406 Idjessi Metsoko FW 7 1 (0)
0%
760 Indrit Tuci FW 2 0 (0)
0%
761 Irakli Azarov DF 2 0 (0)
0%
705 Ivan Guteša GK 3 0 (0)
0%
706 Jaden Philogene Bidace DF, MF, FW 3 0 (0)
0%
764 Jakub Pesek MF, FW 2 0 (0)
0%
486 Jaouen Hadjam DF 6 0 (0)
0%
707 Jarzinho Malanga DF, MF, FW 3 0 (0)
0%
831 Javier Serrano MF, FW 1 0 (0)
0%
410 Jeyland Mitchell DF 7 0 (0)
0%
580 Jhon Solis MF 5 0 (0)
0%
582 João Simões MF 5 0 (1)
0%
294 Joel Monteiro MF, FW 8 0 (0)
0%
834 John Mellberg DF 1 0 (0)
0%
836 Jordan Amavi DF 1 0 (0)
0%
585 Jordan Lotomba DF, MF 5 0 (0)
0%
587 Juanpe DF 5 1 (1)
0%
658 Julien Le Cardinal DF 4 1 (0)
0%
709 Július Szöke MF 3 0 (0)
0%
659 Jurij Medvedev DF, MF 4 0 (1)
0%
588 Jusuf Gazibegović DF 5 0 (0)
0%
299 Kaan Kairinen MF 8 2 (0)
0%
771 Kassoum Ouattara DF, FW 2 0 (0)
0%
590 Kastriot Imeri MF 5 1 (0)
0%
301 Kenan Bajrić DF, MF 8 0 (0)
0%
302 Kenny Lala DF, MF, FW 8 0 (0)
0%
592 Kevin Wimmer DF 5 1 (0)
0%
839 Kim Minsu MF, FW 1 0 (0)
0%
840 Konstantin Schopp DF 1 0 (0)
0%
711 Kryštof Daněk MF, FW 3 0 (0)
0%
304 Kyriakos Savvidis MF 8 0 (1)
0%
712 Leandro Morgalla DF 3 0 (0)
0%
841 Leon Grgic MF, FW 1 0 (0)
0%
420 Lewin Blum DF 7 0 (0)
0%
595 Loris Benito DF 5 0 (0)
0%
499 Lovro Zvonarek MF, FW 6 0 (0)
0%
844 Lucas Anjos MF 1 0 (0)
0%
500 Lucas Gourna-Douath MF 6 0 (0)
0%
713 Lucas Michal MF, FW 3 0 (0)
0%
845 Luck Zogbé DF 1 0 (0)
0%
503 Lukas Kačavenda MF, FW 6 0 (0)
0%
846 Lukáš Pauschek DF 1 0 (0)
0%
847 Lukáš Penxa DF 1 0 (0)
0%
504 Lukáš Sadílek MF 6 0 (1)
0%
501 Luka Stojkovic MF, FW 6 0 (0)
0%
715 Luke McCowan MF 3 0 (0)
0%
310 Malick Yalcouye MF, FW 8 0 (0)
0%
423 Mamady Diambou DF, MF 7 0 (0)
0%
426 Marko Tolić MF, FW 7 1 (1)
0%
669 Markus Solbakken MF 4 0 (0)
0%
717 Martin Suchomel DF, MF 3 0 (0)
0%
428 Matěj Ryneš DF, MF 7 0 (0)
0%
851 Mathias Ross DF 1 0 (0)
0%
852 Matteo Cocchi DF 1 0 (0)
0%
853 Matúš Vojtko DF 1 0 (0)
0%
513 Maxime Bernauer DF 6 0 (0)
0%
779 Miguel Chaiwa MF, FW 2 0 (0)
0%
721 Mohamed Lamine Bayo MF, FW 3 0 (0)
0%
517 Moussa Kounfolo Yeo MF, FW 6 0 (0)
0%
325 Nasser Djiga DF 8 1 (1)
0%
780 Nathanael Mbuku MF, FW 2 0 (0)
0%
326 Nene Dorgeles MF, FW 8 0 (0)
0%
674 Newerton MF, FW 4 0 (0)
0%
327 Ngal'Ayel Mukau MF 8 2 (0)
0%
519 Niklas Geyrhofer DF 6 0 (0)
0%
329 Nino Marcelli MF, FW 8 1 (0)
0%
608 Ognjen Mimovic DF 5 0 (0)
0%
241 Osame Sahraoui MF, FW 9 2 (1)
0%
861 Patric Pfeiffer DF 1 0 (0)
0%
679 Petar Ratkov FW 4 0 (0)
0%
611 Portu DF, MF, FW 5 0 (0)
0%
336 Qazim Laçi MF 8 1 (0)
0%
341 Romain Faivre MF, FW 8 0 (0)
0%
447 Samson Baidoo DF 7 0 (0)
0%
451 Sandro Lauper DF, MF 7 0 (0)
0%
346 Seedy Jatta FW 8 0 (0)
0%
730 Siemen Voet DF 3 0 (0)
0%
349 Silvère Ganvoula M'Boussy MF, FW 8 1 (0)
0%
867 Silvi Clúa MF 1 0 (0)
0%
454 Soungoutou Magassa DF, MF 7 1 (0)
0%
533 Stefan Bajcetic DF, MF 6 0 (0)
0%
534 Stefan Hierländer MF 6 0 (0)
0%
731 Takumu Kawamura MF 3 0 (0)
0%
733 Tanguy Zoukrou DF 3 0 (0)
0%
869 Thomas Berenbruch MF 1 0 (0)
0%
354 Tigran Barseghyan MF, FW 8 1 (2)
0%
456 Tochi Chukwuani MF 7 0 (1)
0%
457 Tomáš Wiesner DF, MF 7 0 (0)
0%
871 Tommaso Corazza DF 1 0 (0)
0%
358 Victor Olatunji FW 8 2 (1)
0%
876 Viggo Gebel DF, MF 1 0 (0)
0%
361 William Vick MF, FW 8 0 (1)
0%
539 Yang Hyunjun FW 6 0 (1)
0%
878 Younes Lachaab MF, FW 1 0 (0)
0%
460 Yukhym Konoplia DF 7 0 (2)
0%
364 Zachary Athekame DF 8 0 (0)
0%
792 Zepiqueno Redmond MF, FW 2 0 (0)
0%
619 Zuberu Sharani DF, MF 5 0 (0)
0%
No matching quizzes found
Score Distribution
Percent of People with Each Score
Percentile by Number Answered
Your Score History
You have not taken this quiz